| Tag |
First Indicator |
Second Indicator |
Subfields |
| LEADER |
00000cam a2200000 a 4500 |
| 001 |
in00005716632 |
| 005 |
20260319180135.2 |
| 006 |
m o d |
| 007 |
cr |n||||||||| |
| 008 |
110825s2011 ii a ob 001 0 eng d |
| 040 |
|
|
|a WYU
|b eng
|e pn
|c WYU
|d OCLCO
|d OCLCF
|d OCLCQ
|d YDXCP
|d VMC
|d VLB
|d STBDS
|d Z5A
|d FIE
|d BUF
|d U3W
|d AU@
|d YOU
|d TKN
|d OCLCA
|d OCLCQ
|d HS0
|d OCLCO
|d OCLCQ
|d OCLCO
|d OCLCL
|d OCLCQ
|d OCLCL
|d SFB
|d OCLCO
|
| 019 |
|
|
|a 812066956
|a 812453273
|a 1086958675
|a 1541777474
|
| 020 |
|
|
|a 019908128X
|q (electronic bk.)
|
| 020 |
|
|
|a 9780199081288
|q (electronic bk.)
|
| 020 |
|
|
|z 9780198069980
|
| 020 |
|
|
|z 0198069987
|
| 035 |
|
|
|a (OCoLC)1062939308
|z (OCoLC)812066956
|z (OCoLC)812453273
|z (OCoLC)1086958675
|z (OCoLC)1541777474
|
| 043 |
|
|
|a a-ii---
|
| 050 |
|
4 |
|a DS422.C3
|b L34 2011
|
| 082 |
0 |
4 |
|a 305.51220954
|2 22
|
| 084 |
|
|
|a 89.51
|2 bcl
|
| 049 |
|
|
|a TXAM
|
| 100 |
1 |
|
|a Lakshman, Narayan.
|1 https://id.oclc.org/worldcat/entity/E39PCjCb8m3GHrCtyQh8d8BhVC
|
| 240 |
1 |
0 |
|a Patrons of the poor (Online)
|
| 245 |
1 |
0 |
|a Patrons of the poor :
|b caste politics and policymaking in India /
|c Narayan Lakshman.
|
| 260 |
|
|
|a New Delhi, India :
|b Oxford University Press,
|c 2011.
|
| 300 |
|
|
|a 1 online resource (xx, 249 pages) :
|b illustrations
|
| 336 |
|
|
|a text
|b txt
|2 rdacontent
|
| 337 |
|
|
|a computer
|b c
|2 rdamedia
|
| 338 |
|
|
|a online resource
|b cr
|2 rdacarrier
|
| 504 |
|
|
|a Includes bibliographical references (pages 235-245) and index.
|
| 505 |
0 |
|
|a Introduction : analysing poverty in India -- Preliminary exploration of agenda-setting -- The politics of budget formulation and agenda-setting -- The social origins of political power in Tamil Nadu : towards class-based politics -- The social origins of political power in Karnataka : stable caste and class dominance -- Conclusion : key insights and further research.
|
| 520 |
8 |
|
|a This text is a comparative study of the political economy of pro-poor policies in two Indian states: Karnataka and Tamil Nadu. By shedding light on the politics of resource allocation it attempts to show how traditionally rooted state policies benefit only certain sections of the population.
|
| 650 |
|
0 |
|a Caste
|x Political aspects
|z India.
|
| 650 |
|
0 |
|a Political planning
|z India.
|
| 651 |
|
0 |
|a India
|x Politics and government.
|
| 650 |
|
6 |
|a Castes
|x Aspect politique
|z Inde.
|
| 650 |
|
6 |
|a Politique publique
|z Inde.
|
| 651 |
|
6 |
|a Inde
|x Politique et gouvernement.
|
| 650 |
|
7 |
|a Caste
|x Political aspects
|2 fast
|
| 650 |
|
7 |
|a Political planning
|2 fast
|
| 650 |
|
7 |
|a Politics and government
|2 fast
|
| 651 |
|
7 |
|a India
|2 fast
|1 https://id.oclc.org/worldcat/entity/E39PBJmdx47cDXrRhBXHtbvPwC
|
| 650 |
|
7 |
|a Regions & Countries - Asia & the Middle East.
|2 hilcc
|
| 650 |
|
7 |
|a History & Archaeology.
|2 hilcc
|
| 650 |
|
7 |
|a South Asia.
|2 hilcc
|
| 655 |
|
7 |
|a Electronic books.
|2 local
|
| 710 |
2 |
|
|a Oxford University Press.
|1 https://id.oclc.org/worldcat/entity/E39QH7JmqydQRq3jgM89g7d7gg
|
| 758 |
|
|
|i has work:
|a Patrons of the poor (Text)
|1 https://id.oclc.org/worldcat/entity/E39PCGQM89fxqbtYf747YCQm8d
|4 https://id.oclc.org/worldcat/ontology/hasWork
|
| 776 |
0 |
8 |
|i Print version:
|a Lakshman, Narayan.
|t Patrons of the poor.
|d New Delhi, India : Oxford University Press, 2011
|z 9780198069980
|z 0198069987
|
| 776 |
0 |
8 |
|c Original
|z 9780198069980
|z 0198069987
|w (DLC) 2011378738
|
| 856 |
4 |
0 |
|u http://proxy.library.tamu.edu/login?url=https://academic.oup.com/book/25320
|z Connect to the full text of this electronic book
|t 0
|
| 936 |
|
|
|a BATCHLOAD
|
| 955 |
|
|
|a Oxford Scholarship Online
|
| 994 |
|
|
|a 92
|b TXA
|
| 999 |
f |
f |
|i 8eb53316-cea2-4392-aa3d-463155b7d19a
|s 3c78bd58-954a-4f4f-a48e-d3be6972e65d
|t 0
|
| 952 |
f |
f |
|a Texas A&M University
|b College Station
|c Electronic Resources
|s www_evans
|d Available Online
|t 0
|e DS422.C3 L34 2011
|h Library of Congress classification
|
| 998 |
f |
f |
|a DS422.C3 L34 2011
|t 0
|l Available Online
|